000 02341cam a2200313 a 4500
001 78888
003 BD-RjUL
005 20211209083203.0
008 211124s1965 ua ||||| |||| 00| 0bara d
035 _aBD-RjUL)
040 _aDLC-R
_cDLC
_beng
041 _aara
082 _223
_a297.64
_bAKF 1965
100 1 _aAkkad Abbas Mahmoud ;; العقاد, عباس محمود
_9250543
245 1 3 _aفاطمة الزهراء والفاطميون ;; Fāṭimah al-Zahrāʼ walfatimiuwn /
_cعباس محمود العقاد ;; Abbas Mahmoud Al-Akkad
260 _aQaera :
_bDar al Helal,
_c1965
300 _a v. ;
_c25 cm.
500 _a"Tanẓīm mawḍūʿī li-kāffat al-aḥādīth wa-al-nuṣūṣ fī sīrat wa-Sayyidat al-Nisāʼ wa-makānatihā maʿa al-maṣādir wa-al-asānīd."
504 _aIncludes bibliographical references (v. 25, p. [388]-499) and indexes.
505 0 _aal-mujallad 1. Khalaqahā qabla hādhā al-ʿālam -- al-mujallad 2. Min wilādatihā ilá zawājihā -- al-mujallad 3-4. Zawājuhā -- al-mujallad 5. Wilādat awlādihā -- al-mujallad 6-7. Awlāduhā -- al-mujallad 8. Aḥwāluhā maʿa al-Nabī al-Aʿẓam -- al-mujallad 9. Maʿa abīhā wa-al-aṣḥāb -- al-mujallad 10-11. Baʿda wafāt abīhā ilá shahādatihā -- al-mujallad 12. Fadakuhā -- al-mujallad 13. Ghaṣb ḥaqqihā wa-khuṭabihā -- al-mujallad 14. Baʿda abīhā ilá shahādatuhā -- al-mujallad 15-16. Shahādatuhā -- al-mujallad 17. Ḥayātuhā al-shakhṣīyah -- al-mujallad 18-19. Mukhtaṣṣātuhā -- al-mujallad 20. Muḥibbūhā wa-aʿdāʼuhā -- al-mujallad 21. Awṣāfuhā wa-mā yataʿallaqu bi-hā -- al-mujallad 22. Mā yataʿallaqu bi-hā -- al-mujallad 23. al-Kutub al-muʼallafah ʿanhā -- al-mujallad 24. al-Zahrāʼ baʿda hadhā al-ʿālam -- al-mujallad 25. al-Fahāris.
600 0 0 _aFāṭimah,
_d-632 or 633
_9250544
600 0 0 _aMuḥammad,
_x Prophet
_dFamily.
_y632 --
_9250545
600 0 0 _a Fāṭimah,
_d632 or 633.
_9250546
650 0 _aHadith (Shiites)
_vTexts.
_9250547
880 1 2 _6245-02/(3/r
_aالموسوعة الكبرى عن فاطمة الزهراء /
_cتأليف اسماعيل الأنصاري الزنجاني الخوئيني.
880 _6250-03/(3/r
_aالطبعة 1.
880 _6260-04/(3/r
_aقم :
_bدليل ما،
_c1428 [2008 or 2007]
942 _2ddc
_cBK
999 _c78888
_d78888